000 00340nam a2200145Ia 4500
008 240112s2016 xx 000 0 und d
022 _a9748520
041 _aeng
082 _a616
100 _aPATEL K.S.
245 _aAN INT. JOU. OF QUT. RESEARCH AYURVEDA (AYU)
260 _bMEDKNOW
_c2016
300 _a1-294
_c1-4
440 _v37
999 _c1144951
_d1144951